LEADER 00787nam0 2200241 450 001 000029490 005 20120125084940.0 100 $a20111124d1892----km-y0itaa50------ba 101 0 $aeng 102 $aUS 200 1 $aCelebrity$fby Thomas Thompson 210 $aGarden City, New York$cDoubleday$d1892 215 $a565 p.$d22 cm. 700 1$aThompson,$bThomas$0445548 801 0$aIT$bUniversità della Basilicata - B.I.A.$gRICA$2unimarc 912 $a000029490 996 $aCelebrity$992745 997 $aUNIBAS BAS $aLETTERE CAT $aSTD073$b00$c20111124$lBAS01$h1003 CAT $aMDL$b30$c20120125$lBAS01$h0849 FMT Z30 -1$lBAS01$LBAS01$mBOOK$1BASA1$APolo Storico-Umanistico$2FAA$BFondo anglo-americano$3FM/4693$64693$5L4693$820111124$f04$FPrestabile Didattica